Hamburger SV all-time top scorers - Statistics

General Stats
  • This quiz has been taken 63 times
  • The average score is 3 of 11
Answer Stats
Goals Nationality Player % Correct
196 Germany Uwe Seeler
100%
134 Germany Horst Hrubesch
78%
101 Germany Manfred Kaltz
36%
125 Germany Thomas von Heesen
18%
140 Germany Gert Dörfel
16%
81 Germany Franz-Josef Hönig
6%
135 Germany Klaus Stürmer
2%
81 Germany Edmund Adamkiewicz
2%
84 Germany Günter Schlegel
2%
156 Germany Herbert Wojtkowiak
2%
89 Germany Werner Harden
2%
No matching quizzes found
Score Distribution
Percent of People with Each Score
Percentile by Number Answered
Your Score History
You have not taken this quiz